000 00421ntaaa2200181 4500
003 01
005 20251027202058.0
008 0714s1973 ag 01
040 _aAR-BaBN
_bspa
_cAR-BaBN
_eaacr
_dRIC
082 _a252.0000 M83
100 _aMorrison, G.H.
245 _aFlood-tide
250 _a1 ed.
260 _aLondon :
_bHodder and Stoughton,
_cc1909
300 _a292 p
650 _asermones breves
942 _cBK
999 _c15645
_d15645